| 000 | 00527nam a2200169 a 4500 | ||
|---|---|---|---|
| 005 | 20240924070433.0 | ||
| 008 | 050202s1988 mx r 000 0 spa d | ||
| 035 | _aUPN01000137234 | ||
| 049 | _aCG | ||
| 050 | 4 |
_aTR200 _bCH3.4 |
|
| 100 | 1 | _aChávez Mayol, Humberto | |
| 245 | 1 | 0 | _aManual de habilidades básicas en fotografía / Humberto Chávez Mayol ; con la asesoría técnica de Esteban Chávez Chávez. |
| 260 |
_aMéxico : _bILCE, _c1988. |
||
| 300 |
_a79 p. : _bil. |
||
| 650 | 4 |
_aFotografía _918767 |
|
| 905 | _aLibro | ||
| 999 |
_c109385 _d109385 |
||